El motorista práctico-teórico (Record no. 150001)

MARC details
000 -LEADER
campo de control de longitud fija 00569nam a2200157 i 4500
001 - NÚMERO DE CONTROL
campo de control 150001
003 - IDENTIFICADOR DE NÚMERO DE CONTROL
campo de control ES-MaACL
007 - CAMPO FIJO DE DESCRIPCIÓN FÍSICA--INFORMACIÓN GENERAL
campo de control de longitud fija t|
008 - DATOS DE LONGITUD FIJA--INFORMACIÓN GENERAL
campo de control de longitud fija 071025s1934 sp ||||1| spa d
100 1# - ENTRADA PRINCIPAL--NOMBRE DE PERSONA
Nombre de persona Valle Collantes, Francisco.
9 (RLIN) 112785
245 13 - MENCIÓN DEL TÍTULO
Título El motorista práctico-teórico
Resto del título : estudio teórico-práctico de los motores de combustión en general : explosión, diesel y semidiesel /
Mención de responsabilidad, etc. Francisco Valle Collantes.
250 ## - MENCION DE EDICION
Mención de edición 2ª ed.
260 ## - PUBLICACIÓN, DISTRIBUCIÓN, ETC.
Lugar de publicación, distribución, etc. La Coruña :
Nombre del editor, distribuidor, etc. [s.n.],
Fecha de publicación, distribución, etc. 1934 (
Fabricante Imp. Valladares)
300 ## - DESCRIPCIÓN FÍSICA
Extensión 450 p. ;
Dimensiones 21 cm.
852 ## - LOCALIZACIÓN
Ubicación ES-MaACL
Número de control de estantería B-9242
Sublocalización o colección R.18443
Holdings
Estatus retirado Estado de pérdida Estado de daño No para préstamo Biblioteca de origen Biblioteca actual Ubicación en estantería Fecha de adquisición Fuente de adquisición Total de préstamos Signatura topográfica completa Código de barras Visto por última vez Precio de reemplazo Tipo de ítem Koha
        Biblioteca del Ateneo de Madrid Biblioteca del Ateneo de Madrid Sala Pardo Bazán 17/01/2008     B-9242 1156524 23/02/2023 23/02/2023 Libro impreso